The metric theory of Banach manifolds

Αποθηκεύτηκε σε:
Λεπτομέρειες βιβλιογραφικής εγγραφής
Κύριος συγγραφέας: Akin, Ethan, 1946-
Μορφή: Βιβλίο
Γλώσσα:English
Δημοσίευση: Berlin : Springer, 1978
Σειρά:Lecture notes in mathematics (Springer-Verlag) ; 662
Θέματα:
Ετικέτες: Προσθήκη ετικέτας
Δεν υπάρχουν, Καταχωρήστε ετικέτα πρώτοι!

MARC

LEADER 00000cam a2200000 i 4500
001 1/59793
008 941103s1978 eng d
020 |a 3540089152 
035 |a 1988  |l 10046139 
040 |a GR-MY-UA  |b gre  |e aacr 
041 0 |a eng 
082 0 |a 516.36 
100 1 |a Akin, Ethan,   |d 1946- 
245 1 4 |a The metric theory of Banach manifolds /  |c Ethan Akin 
260 |a Berlin :   |b Springer,   |c 1978 
300 |a 306 P;  |c 24 cm. 
490 1 |a Lecture notes in mathematics (Springer-Verlag)  |v ; 662 
500 |a Includes bibliography and index 
650 0 0 |a Differentiable manifolds. 
650 0 0 |a Mappings (Mathematics) 
650 0 0 |a Geometry, Differential. 
830 0 |a Lecture notes in mathematics (Springer-Verlag)  |v ; 662 
852 |a INST  |b SAMOS  |e 19941103  |h 516.36 AKI  |p 005300001188  |q 005300001188  |t BK  |y 0 
909 |a Σ  |b 009227